| 000 | 00734nam a22001817a 4500 | ||
|---|---|---|---|
| 999 |
_c15687 _d15687 |
||
| 003 | AR-CdUCM | ||
| 008 | 190429b ||||| |||| 00| 0 esp d | ||
| 040 |
_aMUNICIPALIDAD PROVINCIAL DEL CUSCO _cBIBLIOTECA MUNICIPAL DEL CUSCO |
||
| 082 |
_a985 / _bG958 |
||
| 100 |
_aLeguía, Jorge Guillermo _926229 |
||
| 245 |
_aHombres e ideas en el Perú : _cJorge Guillermo Leguía / |
||
| 260 |
_aSantiago de Chile : _bEds. Ercilla, _c1941. |
||
| 300 |
_a173 páginas ; _c23 cm. |
||
| 505 | _aLa "Bohemia" de Palma -- Homenaje al doctor Carlos Wiesse -- Don Ricardo Palma -- Discurso de orden en la Universidad de San Marcos (Reportaje) | ||
| 700 |
_aOtero Lara, Gonzalo (prólogo) _934844 |
||
| 942 |
_2ddc _cLIBROS |
||
| 945 |
_aacrt _d2019-04-29 |
||